[Event "Mittelrhein Verbandsliga-W 15/16"]
[Site "Nordrheinwestfalen"]
[Date "2015.12.13"]
[Round "5.8"]
[White "Lenemann, Philipp"]
[Black "Popielas, Hans"]
[Result "0-1"]
[WhiteElo "1629"]
[BlackElo "1816"]
[PlyCount "106"]
[EventDate "2015.09.06"]
[EventType "team-tourn"]
[EventRounds "11"]
[EventCountry "GER"]
[SourceTitle "EXT 2022"]
[Source "ChessBase"]
[SourceDate "2021.10.06"]
[SourceVersion "1"]
[SourceVersionDate "2021.10.06"]
[SourceQuality "1"]
[WhiteTeam "Herzogenrath"]
[BlackTeam "Wuerselen II"]
[WhiteTeamCountry "GER"]
[BlackTeamCountry "GER"]

1. e4 d5 2. e5 Bf5 3. f4 e6 4. Nf3 Be7 5. c3 c6 6. d4 h5 7. Be3 Nh6 8. Qd2 Nd7 9. a3 Ng4 10. b4 b5 11. a4 bxa4 12. Na3 a6 13. Bf2 Nxf2 14. Qxf2 g5 15. fxg5 Bxg5 16. h4 Bh6 17. Be2 Qe7 18. g3 Rg8 19. Bd1 Nb6 20. Bc2 Bxc2 21. Qxc2 Rxg3 22. Qf2 Rg4 23. Kd1 Kd7 24. Kc2 Kc7 25. Rhg1 Rag8 26. Raf1 Rxg1 27. Nxg1 Rg7 28. Nf3 Qf8 29. Ne1 Qg8 30. Qf6 Qh7+ 31. Kb2 Kd7 32. Qf3 Qg6 33. Nd3 Qg2+ 34. Qxg2 Rxg2+ 35. Kb1 Ke7 36. Nc5 Bd2 37. Rf3 Rh2 38. Nxa6 Rxh4 39. Nb8 Rf4 40. Nxc6+ Kd7 41. Nb8+ Kc8 42. Rd3 Bxc3 43. Rxc3+ Kxb8 44. Nb5 Nc4 45. Kc2 a3 46. Kb3 Rf3 47. Rxf3 Nd2+ 48. Kxa3 Nxf3 49. Nc3 h4 50. Ne2 h3 51. b5 h2 52. Ng3 Nxd4 53. Kb4 Nf3 0-1